000 00469nam a2200169 a 4500
005 20141222111425.0
008 140123b2003 ck ||||| |||| 00| 0 spa d
040 _c2005
041 _aspa
044 _ack
090 _aIAVH
_b00376
245 _aResumen plan de negocios "Asociación Paraíso Tropical de Cannan" Salento-Quindío
260 _aArmenia
_bInstituto Alexander von Humboldt
_bFAO
_c2003?
300 _a30 p.
942 _cINFORME
_2z
945 _d2005-07-08
999 _c4647
_d4647